[Event "Stroud Open"]
[Site "?"]
[Date "2001.05.27"]
[Round "3.8"]
[White "Abbott, M."]
[Black "Gilmour, A J."]
[Result "1-0"]
[WhiteElo "140"]
[BlackElo "168"]
[PlyCount "69"]
[EventDate "2001.05.28"]
[Source "David Tipper"]
[SourceDate "2001.01.01"]

1. d4 c5 2. d5 g6 3. e4 d6 4. c4 Bg7 5. Nc3 Nf6 6. Be2 O-O 7. h3 a6 8. a4 e6 9.
Nf3 exd5 10. cxd5 Re8 11. Qc2 Qe7 12. Nd2 Nbd7 13. O-O Rb8 14. Re1 b6 15. Nc4
Ne5 16. Bg5 h6 17. Bf4 Nfd7 18. Qd2 Nxc4 19. Bxc4 Ne5 20. Bf1 Kh7 21. Be3 g5
22. Be2 Ng6 23. Rac1 Ra8 24. Bh5 Bd7 25. Rf1 Rf8 26. Bxg6+ fxg6 27. f3 Be5 28.
h4 Bf4 29. hxg5 Qxg5 30. Bxf4 Qxf4 31. Qxf4 Rxf4 32. Ne2 Rf7 33. f4 Bxa4 34.
Nc3 Bb5 35. Rf2 1-0

[Event "Stroud Open"]
[Site "?"]
[Date "2001.05.27"]
[Round "3.10"]
[White "Price, A."]
[Black "Young, A."]
[Result "1-0"]
[WhiteElo "149"]
[BlackElo "174"]
[PlyCount "74"]
[EventDate "2001.05.28"]
[Source "David Tipper"]
[SourceDate "2001.01.01"]

1. e4 e5 2. Bc4 Nf6 3. d3 Nc6 4. f4 d6 5. Nf3 Be7 6. O-O O-O 7. Kh1 Be6 8. Bb3
Qd7 9. c3 Bxb3 10. Qxb3 a5 11. a4 Rfe8 12. Na3 Bf8 13. Nc4 exf4 14. Bxf4 Nd8
15. Bg5 Re6 16. Nd4 Re8 17. Bxf6 gxf6 18. Nf5 d5 19. exd5 Qxd5 20. Qd1 Kh8 21.
Nce3 Qd7 22. Rf3 Ne6 23. Qc2 Ng5 24. Rg3 Re5 25. Rf1 Rae8 26. h4 Ne6 27. d4
Nxd4 28. cxd4 Re4 29. Qd1 Bd6 30. Rgf3 Qe6 31. Qd3 c6 32. Qc4 Qd7 33. b3 Bc7
34. Qd3 Bb8 35. g3 Qc7 36. Kg2 b6 37. Rf4 R4e6 {Black lost on time} 1-0

[Event "Stroud Open"]
[Site "?"]
[Date "2001.05.27"]
[Round "3.11"]
[White "Borkowski, Andrew"]
[Black "Ponter, Ian"]
[Result "0-1"]
[WhiteElo "141"]
[BlackElo "162"]
[PlyCount "113"]
[EventDate "2001.05.28"]
[Source "David Tipper"]
[SourceDate "2001.01.01"]

1. b3 d5 2. Nf3 c5 3. e4 dxe4 4. Ne5 Nf6 5. Bb5+ Bd7 6. Nxd7 Nbxd7 7. Bb2 a6 8.
Bxd7+ Qxd7 9. Nc3 e6 10. Qe2 Qc6 11. O-O-O Be7 12. Rde1 e3 13. fxe3 O-O 14.
Ref1 b5 15. Qf3 Rac8 16. Kb1 c4 17. Qxc6 Rxc6 18. Ne2 Rfc8 19. Nd4 R6c7 20. Rc1
Ne4 21. Nf3 c3 22. Bxc3 Nxc3+ 23. dxc3 Rxc3 24. e4 Ba3 25. Rcd1 Rxc2 26. Rd8+
Rxd8 27. Kxc2 f6 28. Rf1 Rc8+ 29. Kd2 Bb4+ 30. Kd1 Rc3 31. Rf2 Rd3+ 32. Ke2 Rd8
33. Rf1 Rc8 34. Kd1 Bd6 35. Rf2 Kf7 36. e5 Bc5 37. Rd2 Ke7 38. h3 Rc7 39. Ke2
Bb4 40. Rb2 Bc3 41. exf6+ gxf6 42. Rc2 Be5 43. Rxc7+ Bxc7 44. a4 bxa4 45. bxa4
Kd6 46. Nd4 Kd5 47. Kd3 Bb6 48. Nb3 e5 49. Nd2 f5 50. Nf1 e4+ 51. Ke2 Ke5 52.
g3 h5 53. Nd2 Kd4 54. Nb3+ Kc4 55. Nd2+ Kb4 56. g4 hxg4 57. hxg4 0-1

[Event "Stroud Open"]
[Site "?"]
[Date "2001.05.27"]
[Round "3.12"]
[White "Lappage, Jonathan"]
[Black "George, R M."]
[Result "1-0"]
[WhiteElo "165"]
[BlackElo "160"]
[PlyCount "191"]
[EventDate "2001.05.28"]
[Source "David Tipper"]
[SourceDate "2001.01.01"]

1. e4 d5 2. Nc3 dxe4 3. Nxe4 Bf5 4. Ng3 Bg6 5. h4 h6 6. Nf3 Nd7 7. h5 Bh7 8. d4
e6 9. Bd3 Ngf6 10. Bxh7 Nxh7 11. Qd3 Be7 12. Bf4 Ng5 13. O-O-O c6 14. Kb1 Nxf3
15. Qxf3 Nf6 16. c4 O-O 17. Rd3 Rc8 18. Ne4 b5 19. Nxf6+ Bxf6 20. c5 Qd5 21.
Qxd5 exd5 22. Be5 Bxe5 23. dxe5 Rfe8 24. Re1 a5 25. Kc2 Re6 26. Kc3 Rce8 27.
Kd4 g6 28. Rg3 g5 29. Rge3 Kg7 30. Ra3 a4 31. Rf3 Rf8 32. Rfe3 f6 33. exf6+
Rexf6 34. f3 Rf4+ 35. Ke5 R8f6 36. g3 Rxf3 37. Rxf3 Rxf3 38. Kd6 Rf6+ 39. Kd7
g4 40. Rd1 Kf7 41. Rd4 Rf2 42. Kxc6 Rxb2 43. a3 Ke6 44. Rxg4 Ke5 45. Rg6 b4 46.
axb4 a3 47. Kb5 a2 48. Ra6 Rc2 49. Kc6 d4 50. b5 d3 51. b6 Kd4 52. Ra4+ Rc4 53.
Rxa2 Rxc5+ 54. Kd7 Rb5 55. Kc7 Ke3 56. b7 d2 57. Ra1 Ke2 58. b8=Q Rxb8 59. Kxb8
d1=Q 60. Rxd1 Kxd1 61. g4 Ke2 62. g5 hxg5 63. h6 g4 64. h7 g3 65. h8=Q g2 66.
Qe5+ Kf2 67. Qf4+ Ke1 68. Qg3+ Kf1 69. Qf3+ Kg1 70. Kc7 Kh2 71. Qh5+ Kg3 72.
Qg5+ Kh2 73. Qf4+ Kh1 74. Qh4+ Kg1 75. Kd6 Kf1 76. Qf4+ Ke1 77. Qg3+ Kf1 78.
Qf3+ Kg1 79. Ke5 Kh2 80. Qh5+ Kg3 81. Qg5+ Kh2 82. Qf4+ Kh3 83. Qf3+ Kh2 84.
Qf2 Kh1 85. Qh4+ Kg1 86. Ke4 Kf1 87. Qf4+ Ke1 88. Qg3+ Kf1 89. Qf3+ Kg1 90. Ke3
Kh2 91. Qh5+ Kg3 92. Qf3+ Kh2 93. Qf2 Kh1 94. Qh4+ Kg1 95. Kf3 Kf1 96. Qf2# 1-0

[Event "Stroud Open"]
[Site "?"]
[Date "2001.05.27"]
[Round "4.1"]
[White "Devereaux, Max"]
[Black "Turner, Mathew"]
[Result "1/2-1/2"]
[WhiteElo "205"]
[BlackElo "238"]
[PlyCount "29"]
[EventDate "2001.05.28"]
[Source "David Tipper"]
[SourceDate "2001.01.01"]

1. d4 e6 2. Nf3 c5 3. c3 Nf6 4. a3 b6 5. Bg5 Bb7 6. Nbd2 h6 7. Bh4 Be7 8. e3
O-O 9. Bd3 d5 10. Ne5 Nfd7 11. Bxe7 Qxe7 12. Ndf3 Nxe5 13. Nxe5 Nd7 14. Nxd7
Qxd7 15. Qh5 1/2-1/2

[Event "Stroud Open"]
[Site "?"]
[Date "2001.05.27"]
[Round "4.2"]
[White "Saunders, W N."]
[Black "Sherwin, James"]
[Result "1/2-1/2"]
[WhiteElo "180"]
[BlackElo "208"]
[PlyCount "87"]
[EventDate "2001.05.28"]
[Source "David Tipper"]
[SourceDate "2001.01.01"]

1. Nf3 d5 2. d4 Nf6 3. Bg5 Ne4 4. Bf4 e6 5. e3 c5 6. c3 Qb6 7. Qb3 Nc6 8. Be2
Be7 9. h4 O-O 10. Nbd2 Nxd2 11. Nxd2 cxd4 12. exd4 Qd8 13. Nf3 Bd6 14. Bxd6
Qxd6 15. Qc2 Bd7 16. g3 Rac8 17. Ng5 f5 18. Qd3 e5 19. dxe5 Nxe5 20. Qd2 f4 21.
O-O-O Ba4 22. gxf4 Rxf4 23. b3 Bc6 24. Kb2 Rxf2 25. Ne4 Rxe2 26. Qxe2 Qe7 27.
Ng3 d4 28. cxd4 Bxh1 29. Rxh1 Nc6 30. Qxe7 Nxe7 31. Re1 Nd5 32. Nf5 Kf8 33. Nd6
Rb8 34. Re5 Nf6 35. Kc3 b6 36. Kc4 a6 37. a4 Rd8 38. Re6 Rd7 39. b4 Rc7+ 40.
Kb3 Rc1 41. Nc4 Rb1+ 42. Ka3 Ra1+ 43. Kb3 Rb1+ 44. Ka3 1/2-1/2

[Event "Stroud Open"]
[Site "?"]
[Date "2001.05.27"]
[Round "4.3"]
[White "Berry, S."]
[Black "Curnow, D."]
[Result "1-0"]
[WhiteElo "219"]
[BlackElo "193"]
[PlyCount "121"]
[EventDate "2001.05.28"]
[Source "David Tipper"]
[SourceDate "2001.01.01"]

1. e4 e5 2. Nf3 Nc6 3. Bb5 f5 4. Bxc6 dxc6 5. Nc3 fxe4 6. Nxe4 Nf6 7. Qe2 Bf5
8. d3 Bd6 9. Bg5 O-O 10. Nh4 Be6 11. Bxf6 gxf6 12. g4 Kh8 13. Rg1 Rg8 14. Qf3
Bb4+ 15. Ke2 Be7 16. Nf5 Rg6 17. h4 Bxf5 18. Qxf5 Qc8 19. Qxc8+ Rxc8 20. f3 h5
21. Rg3 Rcg8 22. Rag1 hxg4 23. fxg4 f5 24. gxf5 Rxg3 25. Rxg3 Rxg3 26. Nxg3
Bxh4 27. Ne4 b6 28. Kf3 Kg7 29. Nd2 Be7 30. Ke4 Kf6 31. Nf3 Bd6 32. b3 c5 33.
a4 c6 34. Nd2 Bb8 35. Nc4 Bc7 36. Ne3 Kg5 37. c3 Bb8 38. b4 cxb4 39. cxb4 Bc7
40. b5 cxb5 41. axb5 Bb8 42. Nc2 Kf6 43. Nb4 Bd6 44. Nc6 Bc7 45. Nxa7 Bb8 46.
Nc6 Bd6 47. Kd5 Bc7 48. Ke4 Bd6 49. d4 exd4 50. Nxd4 Bg3 51. Ne2 Bf2 52. Nf4
Ke7 53. Nd3 Bg1 54. Ne5 Kd6 55. Nd3 Bh2 56. Kd4 Bg1+ 57. Ke4 Bh2 58. Nf4 Bg3
59. f6 Bh4 60. f7 Be7 61. Ng6 1-0

[Event "Stroud Open"]
[Site "?"]
[Date "2001.05.27"]
[Round "4.4"]
[White "Hosken, N."]
[Black "Deva, C."]
[Result "0-1"]
[WhiteElo "182"]
[BlackElo "173"]
[PlyCount "58"]
[EventDate "2001.05.28"]
[Source "David Tipper"]
[SourceDate "2001.01.01"]

1. d4 Nf6 2. c4 e6 3. Nc3 Bb4 4. Bg5 O-O 5. e4 h6 6. Bxf6 Qxf6 7. Nf3 d6 8. Qb3
Nc6 9. a3 Ba5 10. Rd1 e5 11. d5 Nd4 12. Nxd4 exd4 13. Qa4 dxc3 14. Qxa5 c2 15.
Rc1 Qf4 16. Qd2 Qxe4+ 17. Qe2 Qg6 18. Qxc2 Bf5 19. Qd2 Rfe8+ 20. Kd1 c6 21. Rc3
cxd5 22. cxd5 Rac8 23. f3 Rxc3 24. bxc3 Rc8 25. g4 Bd7 26. c4 Qb1+ 27. Ke2 Rxc4
28. Ke3 Qb6+ 29. Ke2 Qb3 0-1

[Event "Stroud Open"]
[Site "?"]
[Date "2001.05.27"]
[Round "4.5"]
[White "White, Ian R"]
[Black "White, E M."]
[Result "1-0"]
[WhiteElo "167"]
[BlackElo "156"]
[PlyCount "123"]
[EventDate "2001.05.28"]
[Source "David Tipper"]
[SourceDate "2001.01.01"]

1. e4 e5 2. Bc4 Nf6 3. d3 Bc5 4. Nf3 d6 5. c3 Nc6 6. Bb3 Bg4 7. Nbd2 h6 8. Nc4
Qd7 9. Ne3 Bxe3 10. Bxe3 O-O 11. O-O Kh7 12. Bc2 Ne7 13. d4 Ng6 14. dxe5 dxe5
15. Qxd7 Bxd7 16. h3 Bc6 17. Nd2 Rad8 18. Rfe1 b6 19. a4 Rd7 20. f3 Rfd8 21.
Nc4 Ne8 22. Rad1 Kg8 23. Kf2 Nd6 24. Nxd6 Rxd6 25. Rxd6 Rxd6 26. a5 Kf8 27. Ra1
Ke7 28. axb6 axb6 29. Ra7 Rd7 30. g3 Nf8 31. Bb3 Ne6 32. Bc2 f6 33. h4 g5 34.
Ra1 gxh4 35. gxh4 Nf4 36. Kg3 Kf8 37. Bxf4 Rg7+ 38. Kf2 exf4 39. Ba4 Bxa4 40.
Rxa4 Rd7 41. Rd4 Rxd4 42. cxd4 Kf7 43. Kg2 Ke6 44. Kf2 c5 45. dxc5 bxc5 46. Ke2
f5 47. Kd3 Ke5 48. exf5 Kxf5 49. Kc4 Kg6 50. Kxc5 Kh5 51. b4 Kxh4 52. b5 Kg3
53. b6 Kxf3 54. b7 Kg2 55. b8=Q f3 56. Qg8+ Kh2 57. Qf7 Kg2 58. Qg6+ Kf1 59.
Kd4 h5 60. Qg3 Ke2 61. Ke4 f2 62. Qe3+ 1-0

[Event "Stroud Open"]
[Site "?"]
[Date "2001.05.27"]
[Round "4.6"]
[White "Bareham, David"]
[Black "Talbot, A R."]
[Result "0-1"]
[WhiteElo "140"]
[BlackElo "172"]
[PlyCount "62"]
[EventDate "2001.05.28"]
[Source "David Tipper"]
[SourceDate "2001.01.01"]

1. e4 c5 2. Nf3 d6 3. c3 Nf6 4. Be2 g6 5. O-O Bg7 6. Re1 O-O 7. Bf1 Bg4 8. h3
Bxf3 9. Qxf3 Nc6 10. d3 Rb8 11. Na3 b5 12. Nc2 Nd7 13. Rb1 b4 14. cxb4 Nxb4 15.
Nxb4 Rxb4 16. b3 Ne5 17. Qd1 Nc6 18. Bb2 Bxb2 19. Rxb2 Nd4 20. Re3 e5 21. g3 a5
22. Qc1 Qb6 23. Rd2 Ra8 24. f4 c4 25. Rf2 cxb3 26. axb3 Nxb3 27. Qe1 a4 28. f5
a3 29. Ra2 Nd4 30. Kh1 Rb1 31. Qf2 Rb2 0-1

[Event "Stroud Open"]
[Site "?"]
[Date "2001.05.27"]
[Round "4.7"]
[White "Gilmour, A J."]
[Black "Price, A."]
[Result "0-1"]
[WhiteElo "168"]
[BlackElo "149"]
[PlyCount "104"]
[EventDate "2001.05.28"]
[Source "David Tipper"]
[SourceDate "2001.01.01"]

1. e4 d5 2. exd5 Qxd5 3. Nc3 Qa5 4. d4 Nf6 5. Nf3 c6 6. Bd2 Bf5 7. Bc4 Nbd7 8.
Qe2 e6 9. d5 cxd5 10. Nxd5 Qd8 11. Nxf6+ gxf6 12. Nd4 Bg6 13. Bxe6 fxe6 14.
Nxe6 Qe7 15. Nc7+ Kf7 16. Nxa8 Qxe2+ 17. Kxe2 Bd6 18. Be3 Rxa8 19. Rad1 Ke6 20.
Rhe1 Ne5 21. Kf1 Bxc2 22. f4 Bxd1 23. fxe5 Bxe5 24. Rxd1 Bxh2 25. Kf2 Be5 26.
Rh1 Rh8 27. Bxa7 h5 28. Be3 h4 29. b3 b5 30. Rc1 Ra8 31. Rc2 b4 32. Re2 Kf5 33.
Bc5 Bc3 34. Kg1 Rd8 35. Kf2 Rd3 36. Rc2 Kg4 37. Re2 f5 38. Be3 f4 39. Bc5 h3
40. gxh3+ Rxh3 41. Re8 Rh2+ 42. Kg1 Rxa2 43. Rb8 Kg3 44. Rg8+ Kf3 45. Rb8 Ra1+
46. Kh2 Be1 47. Bg1 Bg3+ 48. Kh1 Bf2 49. Rd8 Rxg1+ 50. Kh2 Rg4 51. Rd3+ Ke2 52.
Kh3 Rh4+ 0-1

[Event "Stroud Open"]
[Site "?"]
[Date "2001.05.27"]
[Round "4.8"]
[White "White, S M."]
[Black "Abbott, M."]
[Result "1/2-1/2"]
[WhiteElo "168"]
[BlackElo "140"]
[PlyCount "57"]
[EventDate "2001.05.28"]
[Source "David Tipper"]
[SourceDate "2001.01.01"]

1. d4 Nf6 2. c4 c5 3. Nf3 cxd4 4. Nxd4 Nc6 5. Nc3 g6 6. g3 Bg7 7. Bg2 O-O 8.
O-O Nxd4 9. Qxd4 d6 10. Qd3 Ng4 11. Nd5 Be6 12. Qb3 Rb8 13. Bg5 Bxd5 14. Bxd5
Qd7 15. a4 Rfc8 16. Rac1 Bd4 17. Bd2 Bg7 18. Bc3 Nf6 19. Bg2 Rc7 20. Bd4 b6 21.
Rfd1 Qc8 22. Qb4 Ne8 23. Bxg7 Kxg7 24. b3 a5 25. Qc3+ Kg8 26. Qe3 Nf6 27. Rd4
Qf8 28. Rcd1 Rc5 29. Qc3 1/2-1/2

[Event "Stroud Open"]
[Site "?"]
[Date "2001.05.27"]
[Round "4.9"]
[White "Ponter, Ian"]
[Black "Taylor, Geoff P"]
[Result "1-0"]
[WhiteElo "162"]
[BlackElo "162"]
[PlyCount "59"]
[EventDate "2001.05.28"]
[Source "David Tipper"]
[SourceDate "2001.01.01"]

1. e4 c5 2. c3 d6 3. d4 cxd4 4. cxd4 g6 5. Nc3 Bg7 6. Be3 Nf6 7. h3 O-O 8. Nf3
Qa5 9. Qd2 Rd8 10. Bd3 Nbd7 11. a3 a6 12. O-O b5 13. e5 Ne8 14. Be4 Rb8 15. b4
Qb6 16. Nd5 Qa7 17. Nxe7+ Kf8 18. Nc6 Qc7 19. Bg5 Bb7 20. Be7+ Kg8 21. Bxd8
Rxd8 22. Nxd8 Bxe4 23. e6 Qxd8 24. exf7+ Kh8 25. fxe8=Q+ Qxe8 26. Ng5 Bd5 27.
Rfe1 Qg8 28. Qf4 h6 29. Qxd6 Nf6 30. Ne6 1-0

[Event "Stroud Open"]
[Site "?"]
[Date "2001.05.27"]
[Round "4.10"]
[White "Bolt, Graham"]
[Black "Lappage, Jonathan"]
[Result "0-1"]
[WhiteElo "166"]
[BlackElo "165"]
[PlyCount "138"]
[EventDate "2001.05.28"]
[Source "David Tipper"]
[SourceDate "2001.01.01"]

1. e4 c5 2. Nf3 d6 3. d4 cxd4 4. Nxd4 Nf6 5. Nc3 a6 6. Be2 e5 7. Nb3 Be7 8. a4
Be6 9. O-O Nc6 10. Be3 O-O 11. f4 exf4 12. Rxf4 Rc8 13. Nd5 Bxd5 14. exd5 Ne5
15. a5 Nfd7 16. Rb4 Qc7 17. c3 Nc5 18. Nxc5 dxc5 19. Rba4 Bd6 20. Rh4 Rce8 21.
Rh3 f5 22. Ra4 Ng6 23. Bc1 Bf4 24. d6 Qxd6 25. Qxd6 Bxd6 26. Kf2 Ne5 27. Bf4
Nf7 28. Rd3 Rd8 29. Bxd6 Rxd6 30. Re3 Rfd8 31. b4 cxb4 32. Rxb4 R6d7 33. Bf3
Nd6 34. c4 Kf8 35. Reb3 Rc7 36. Bd5 Rc5 37. Bxb7 Nxb7 38. Rxb7 Rxc4 39. Ra7 Rc6
40. Rbb7 Rc2+ 41. Kg3 Rc3+ 42. Kh4 Rc4+ 43. Kh3 Rg4 44. Rxa6 Kg8 45. Rc6 h5 46.
Rc5 Rd2 47. a6 Rgxg2 48. a7 Rxh2+ 49. Kg3 Rhg2+ 50. Kf4 Rdf2+ 51. Ke5 Re2+ 52.
Kd6 Rd2+ 53. Kc7 Ra2 54. Rb8+ Kh7 55. a8=Q Rxa8 56. Rxa8 Kg6 57. Rf8 Rf2 58.
Kd6 h4 59. Rh8 Kg5 60. Rc4 f4 61. Ke5 Re2+ 62. Kd5 Kg4 63. Kd4 g5 64. Kd3 Re3+
65. Kd2 Re5 66. Rc1 Kh3 67. Rg1 f3 68. Rg8 f2 69. Rf1 Kg2 0-1

[Event "Stroud Open"]
[Site "?"]
[Date "2001.05.27"]
[Round "4.11"]
[White "Garcia, J."]
[Black "Beveridge, Nigel"]
[Result "1-0"]
[WhiteElo "159"]
[BlackElo "153"]
[PlyCount "45"]
[EventDate "2001.05.28"]
[Source "David Tipper"]
[SourceDate "2001.01.01"]

1. e4 Nc6 2. Nc3 e6 3. d4 Bb4 4. Nf3 d6 5. a3 Bxc3+ 6. bxc3 Nf6 7. Bd3 e5 8. h3
h6 9. O-O O-O 10. Qe2 Re8 11. Bb2 Nh5 12. Bc1 Nf4 13. Bxf4 exf4 14. Qd2 Qf6 15.
Kh2 h5 16. g3 g5 17. gxf4 gxf4 18. Rg1+ Kh8 19. Rg5 Rg8 20. Rxh5+ Kg7 21. Rg1+
Kf8 22. Rxg8+ Kxg8 23. Rh4 1-0

[Event "Stroud Open"]
[Site "?"]
[Date "2001.05.27"]
[Round "4.12"]
[White "Young, A."]
[Black "George, R M."]
[Result "0-1"]
[WhiteElo "174"]
[BlackElo "160"]
[Annotator "Tipper,David"]
[PlyCount "57"]
[EventDate "2001.05.28"]
[Source "David Tipper"]
[SourceDate "2001.01.01"]

1. e4 d5 2. exd5 Nf6 3. Nf3 Nxd5 4. d4 Bg4 5. c4 Nb6 6. Be2 e6 7. O-O Nc6 8.
Be3 Qd7 9. Qb3 Be7 10. Rd1 O-O 11. d5 Na5 12. Qc3 Bf6 13. Qxa5 Bxb2 14. Bd4
Bxf3 15. gxf3 Bxa1 16. Bxa1 exd5 17. c5 Nc8 18. Qc3 f6 19. Rxd5 Qh3 20. Qe3 a6
21. Bf1 Qh4 22. Rd4 Qh5 23. Qe6+ Kh8 24. Rg4 Na7 25. Qd7 Rf7 26. Qe6 Nc6 27.
Bd3 Re7 28. Qf5 Qh3 29. Rg2 $4 0-1

[Event "Stroud Open"]
[Site "?"]
[Date "2001.05.27"]
[Round "4.13"]
[White "McFarlane, P."]
[Black "Borkowski, Andrew"]
[Result "1/2-1/2"]
[WhiteElo "112"]
[BlackElo "141"]
[PlyCount "71"]
[EventDate "2001.05.28"]
[Source "David Tipper"]
[SourceDate "2001.01.01"]

1. e4 d5 2. exd5 Qxd5 3. Nc3 Qa5 4. d4 Nf6 5. Nf3 Bf5 6. Bd3 c6 7. O-O e6 8.
Ne5 Bxd3 9. Qxd3 Be7 10. Bd2 Qc7 11. Ne4 Nxe4 12. Qxe4 Nd7 13. Nxd7 Qxd7 14. c4
O-O 15. Bf4 Bd6 16. Rad1 Bxf4 17. Qxf4 Rfd8 18. Rd3 Qe7 19. h3 Rd7 20. Rfd1
Rad8 21. Qf3 Qb4 22. b3 Qa5 23. a4 g6 24. Kf1 Kg7 25. g3 Rd6 26. Kg2 Qc7 27.
Kf1 Qd7 28. Ke2 a5 29. h4 h6 30. R1d2 Qe7 31. Qe4 Qf6 32. Qe5 b6 33. Qxf6+ Kxf6
34. Rf3+ Ke7 35. Rfd3 f6 36. Ke3 1/2-1/2

[Event "Stroud Open"]
[Site "?"]
[Date "2001.05.28"]
[Round "6.1"]
[White "Ponter, Ian"]
[Black "Turner, Mathew"]
[Result "0-1"]
[WhiteElo "162"]
[BlackElo "238"]
[PlyCount "124"]
[EventDate "2001.05.28"]
[Source "David Tipper"]
[SourceDate "2001.01.01"]

1. e4 c5 2. c3 d5 3. exd5 Qxd5 4. d4 Nf6 5. Nf3 Nc6 6. Na3 Bg4 7. Be2 cxd4 8.
Nb5 O-O-O 9. Nbxd4 e5 10. Nxc6 Qxc6 11. Qb3 Be6 12. c4 Bc5 13. Be3 Ng4 14. Bxc5
Qxc5 15. O-O e4 16. h3 Nh6 17. Nh2 Nf5 18. Bg4 Rd3 19. Qb5 Qxb5 20. cxb5 Nd4
21. Bxe6+ Nxe6 22. Rac1+ Kb8 23. Ng4 Rd2 24. Ne5 Rd5 25. Nc4 Rxb5 26. Rcd1 Rc5
27. b3 Rd8 28. Rxd8+ Nxd8 29. Re1 f5 30. Rd1 Kc7 31. Ne3 Re5 32. Nd5+ Kc8 33.
Ne3 Nf7 34. Kf1 g6 35. Nc4 Re6 36. Ke2 Kc7 37. Rd2 f4 38. Rc2 Rc6 39. Rd2 b5
40. Na3 a6 41. Nc2 f3+ 42. gxf3 exf3+ 43. Kxf3 Ng5+ 44. Kg2 Kb6 45. Ne3 Ne4 46.
Rd7 h5 47. Kf3 Nc3 48. Nd5+ Nxd5 49. Rxd5 Ka5 50. Rd2 Kb4 51. Kf4 Rc5 52. h4 a5
53. Ke4 Ka3 54. Kd4 Rf5 55. Ke3 b4 56. f3 Rc5 57. Ke4 Rc1 58. Rd5 Kxa2 59.
Rxa5+ Kxb3 60. Rb5 Rc4+ 61. Ke5 Rxh4 62. Kf6 Rf4+ 0-1

[Event "Stroud Open"]
[Site "?"]
[Date "2001.05.28"]
[Round "6.2"]
[White "Berry, S."]
[Black "Talbot, A R."]
[Result "1-0"]
[WhiteElo "219"]
[BlackElo "172"]
[Annotator "Tipper,David"]
[PlyCount "52"]
[EventDate "2001.05.28"]
[Source "David Tipper"]
[SourceDate "2001.01.01"]

1. e4 c5 2. Nf3 d6 3. Bb5+ Bd7 4. Bxd7+ Nxd7 5. O-O Ngf6 6. Qe2 Rb8 7. d3 g6 8.
Nbd2 Bg7 9. a4 O-O 10. Nc4 Qc7 11. Bf4 Nh5 12. Bg5 Rfe8 13. h3 a6 14. a5 b5 15.
axb6 Nxb6 16. Nfd2 d5 17. exd5 Nxd5 18. Nf3 Red8 19. Rfe1 f6 20. Be3 e5 21. g3
Bf8 22. Bd2 Qb7 23. Ra2 Rd7 24. Rea1 Ra8 25. Ra5 Ng7 26. Be3 Ne6 {
Approximate move order} 1-0

[Event "Stroud Open"]
[Site "?"]
[Date "2001.05.28"]
[Round "6.7"]
[White "Gilmour, A J."]
[Black "Curnow, D."]
[Result "1-0"]
[WhiteElo "168"]
[BlackElo "193"]
[PlyCount "49"]
[EventDate "2001.05.28"]
[Source "David Tipper"]
[SourceDate "2001.01.01"]

1. e4 e5 2. Bc4 Nf6 3. d3 Nc6 4. Nc3 Na5 5. Nge2 c6 6. Bg5 Be7 7. Bxf6 Bxf6 8.
a4 Nxc4 9. dxc4 O-O 10. O-O Be7 11. Ng3 g6 12. Re1 Bc5 13. Qd3 Qh4 14. Nd1 a5
15. c3 d6 16. b4 axb4 17. cxb4 Bd4 18. Ra3 Be6 19. Ne3 Rad8 20. Qe2 f5 21. exf5
gxf5 22. Nc2 f4 23. Nxd4 Rde8 24. Nf3 Qh6 25. Ne4 1-0